| 000 | 01675cam a2200421 i 4500 | ||
|---|---|---|---|
| 001 | 11868158 | ||
| 003 | EG-ScBUE | ||
| 005 | 20241001102021.0 | ||
| 008 | 991214m20002003riu f b 001 0 eng d | ||
| 020 | _a0821820508 (v. 1 : pbk. : alk. paper) | ||
| 020 | _a9780821820506 (v. 1 : pbk. : alk. paper) | ||
| 020 | _a0821820516 (v. 2 : pbk. : alk. paper) | ||
| 020 | _a9780821820513 (v. 2 : pbk. : alk. paper) | ||
| 020 | _a0821832980 (v. 3 : pbk. : alk. paper) | ||
| 020 | _a9780821832981 (v. 3 : pbk. : alk. paper) | ||
| 040 |
_aDLC _beng _erda _cDLC _dDLC _dEG-ScBUE |
||
| 041 | 1 |
_aeng _hpol |
|
| 082 | 0 | 4 |
_a515 _bKAC _222 |
| 100 | 1 |
_aKaczor, W. J. _q(Wieslawa J.), _d1949- _eauthor. |
|
| 240 | 1 | 0 |
_aZadania z analizy matematycznej. _lEnglish |
| 245 | 1 | 0 |
_aProblems in mathematical analysis / _cW. J. Kaczor, M. T. Nowak. |
| 264 | 1 |
_aProvidence : _bThe American Mathematical Society, _c2000-2003. |
|
| 300 |
_a3 volumes ; _c22 cm. |
||
| 336 |
_2rdacontent _atext _btxt |
||
| 337 |
_aunmediated _2rdamedia _bn |
||
| 338 |
_avolume _bnc _2rdacarrier |
||
| 490 | 0 |
_aStudent mathematical library ; _x1520-9121 ; _vv. 4, 12, 21 |
|
| 500 | _aTranslated, revised and augmented by the authors. | ||
| 504 | _aIncludes bibliographical references and index. | ||
| 505 | 0 | _aVolume 1. Real numbers, sequences, and series -- Volume 2. Continuity and differentiation -- Volume 3. Integration. | |
| 546 | _aText in English ; translated from the language Polish. | ||
| 650 | 7 |
_aMathematical analysis. _2BUEsh |
|
| 651 | _2BUEsh | ||
| 653 |
_bENGGEN _cFebruary2017 |
||
| 655 |
_vReading book _934232 |
||
| 700 | 1 |
_aNowak, M. T. _q(Maria T.), _d1951- _eauthor. |
|
| 942 |
_2ddc _cBB |
||
| 999 |
_c24135 _d24107 |
||